| 000 | 00355nam a22001577a 4500 | ||
|---|---|---|---|
| 003 | SGT | ||
| 020 | _a9789131257739 | ||
| 082 |
_a612 _bG20H |
||
| 100 | _aHall, John E. | ||
| 245 | _aGuyton and Hall Textbook of Medical Physiology | ||
| 250 | _a3rd S. A. | ||
| 260 |
_bElsevier _c2020 |
||
| 300 | _a1011 | ||
| 650 | _aPhysiology | ||
| 942 |
_2ddc _cBK _04 |
||
| 999 |
_c24885 _d24885 |
||